00618nam a22001697a 450000500170000001000130001702000260003003500110005603700130006708200080008010000450008824500870013324600610022026000520028127000920033330000230042520201123124919.0 aUR-10936 c200.00a9789390100088 aU-9490 bDBAD/PUB a841 aمنا ظر عا شق ہر گا نو ی  aکر و نا و ا ير س: منظو م cمنا ظر عا شق ہر گا نو ی  bCorona Virus: Manzoom (Urdu)aby Manazir Ashiq Harganvi  aN.Delhi bEducational Publishing Housec2020 ء aH.O.D1/16,Ansari Road,Darya ganj,bN.Delhie110002k45678285,23216162l0091-11-23211540 a152 ص c22 Cm(Hb)